| 000 | 00354 a2200169 4500 | ||
|---|---|---|---|
| 001 | 180091 | ||
| 020 | _a85-08-03012-6 | ||
| 040 | _cMagnum | ||
| 100 | _aGrant, Eva | ||
| 240 | 1 | 0 |
_aEu nunca vou crescer? _lpor |
| 245 | 1 | 0 | _aEu nunca vou crescer? |
| 300 | _a31 | ||
| 362 | 0 | _a1988 | |
| 440 | 1 | _aÁtica | |
| 697 | _aLITERATURA INFANTO | ||
| 942 | _cBK | ||
| 999 |
_c180091 _d180091 |
||